00221nam a2200085Ia 4500008004100000100002000041245003500061260003000096300000900126201231s9999 xx 000 0 und d aBasu, Durga Das 0aShorter Constitution of India aNew DelhibPrentuice Hall a1449